| 000 | 00523nam a2200157 a 4500 | ||
|---|---|---|---|
| 001 | 000016215 | ||
| 005 | 20200929164325.0 | ||
| 008 | 100301s1981 dr r 000 0 spa d | ||
| 040 |
_aDO-SdBNP _bspa _cBNPHU |
||
| 082 |
_axxxx _bC794c |
||
| 100 | 1 |
_aCordero Frias, Héctor Arquímedes _936259 |
|
| 245 | 1 | 0 |
_aCompetencia del juez en atribuciones de referimiento / _cHéctor Arquímedes Cordero Frias. |
| 260 |
_aSanto Domingo : _b[s.n.], _c1981. |
||
| 300 |
_a134 p. ; _c24 cm. |
||
| 500 | _aIncluye notas al pie de las páginas | ||
| 999 |
_c15753 _d15753 |
||